export_success — 

Common external tariff 2007 version : East African.

Bibliographic Details
Format: Book
Published: [S.l]: The East African Community Customs Union, 2007.
Subjects:
LEADER 00425cam a2200133 7i4500
001 0000020394
005 20080124090000.0
090 0 0 |a T 382.7   |b COM 
245 0 0 |a Common external tariff 2007 version :   |b East African. 
260 0 0 |a [S.l]:   |b The East African Community Customs Union,   |c 2007. 
300 # # |a 467 p. 
650 0 0 |a Tariff --   |z Africa, Eastern  
651 0 0 |a Africa, Eastern  
999 |a 0000021609  |b Book  |c Tariffs  |e Business Information Centre